• 首页
  • 本馆介绍
  • 公告通知
  • 最新文献
  • 馆藏检索
  • 电子资源
  • 读者导购
  • 参考咨询
  • 我的图书馆
  • 登录
  • 详细信息显示
  • 放入我的书架
  • 预约/预借图书
  • 作者相关作品
  • 分类相关作品
  • 丛书相关作品
  • 出版社相关作品

书目信息

  • 表格格式
  • 工作单格式
  • 卡片格式
题名:
全国专家型法官司法意见精粹
    
 
作者: ;国家法官学院 编
分册: 4   公司与金融卷
出版信息: 北京   中国法制出版社  2013.02
页数: 412页
开本: 25cm
丛书名:
单 册:
中图分类: D920.4 , D922.291.914 , D922.280.4
科图分类:
主题词: 法律--研究--中国 , 公司法--研究--中国 , 金融法--研究--中国 , 法律 , 房地产法 , 公司法 , 金融法
电子资源:
ISBN: 978-7-5093-4030-1
000 01129nam0 2200337 450
001 010700145759
005 20130608084243.34
010    @a978-7-5093-4030-1@dCNY88.00
100    @a20130315d2013 em y0chiy50 ea
101 0  @achi
102    @aCN@b110000
105    @ay z 000yy
106    @ar
200 1  @a全国专家型法官司法意见精粹@9quan guo zhuan jia xing fa guan si fa yi jian jing cui@h4@i公司与金融卷@f国家法官学院编
210    @a北京@c中国法制出版社@d2013.02
215    @a412页@d25cm
330    @a本书共分为公司;合伙;破产、清算、解散;保险;票据;银行六部分。主要内容包括:善意取得在公司出资过程中的法律适用;有限责任公司股东资格确认标准;股东知情权的行使与限制等。
333    @a相关法律工作者、高校法律专业类师生
606 0  @a法律@x研究@y中国
606 0  @a公司法@x研究@y中国
606 0  @a金融法@x研究@y中国
606 0  @a法律
606 0  @a房地产法
606 0  @a公司法
606 0  @a金融法
690    @aD920.4@v5
690    @aD922.291.914@v5
690    @aD922.280.4@v5
711 02 @a国家法官学院@9guo jia fa guan xue yuan@4编
801  0 @aCN@b人天书店@c20130315
905    @dD920.4@e1004:4
    
    全国专家型法官司法意见精粹.4.公司与金融卷/国家法官学院编.-北京:中国法制出版社,2013.02
    412页;25cm
    使用对象:相关法律工作者、高校法律专业类师生
    
    ISBN 978-7-5093-4030-1:CNY88.00
    本书共分为公司;合伙;破产、清算、解散;保险;票据;银行六部分。主要内容包括:善意取得在公司出资过程中的法律适用;有限责任公司股东资格确认标准;股东知情权的行使与限制等。
●
相关链接 在E读中查询图书 在五车中查询图书 在当当中查询图书 在豆瓣中查询图书


正题名:全国专家型法官司法意见精粹     索取号:D920.4/1004:4         预约/预借

序号 登录号 条形码 馆藏地/架位号 状态 备注
1 0543953   205439532   第一样本阅览室/ [索取号:D920.4/1004:4] 在馆    
2 0543954   205439541   史法系资料室/ [索取号:D920.4/1004:4] 在馆    
3 0543955   205439550   第一借阅区/ [索取号:D920.4/1004:4] 在馆    
4 0543956   205439569   第一借阅区/ [索取号:D920.4/1004:4] 在馆    
5 0543957   205439578   第一借阅区/ [索取号:D920.4/1004:4] 在馆    
唐山师范学院图书馆 欢迎您!
大连网信软件有限公司© 版权所有